| 000 | 00948cab a2200181 4500 | ||
|---|---|---|---|
| 001 | ##L132961 | ||
| 008 | 060327n2006 000 0 eng u | ||
| 035 | _a(Sirsi) u132961 | ||
| 041 | 0 | _aeng | |
| 100 | 1 | _aKlein, Rudi | |
| 245 | 0 | 4 | _aThe magic bullet |
| 260 | _c2006 | ||
| 490 | 0 |
_aBuilding _v271(8423) 24 March 2006, 53(1) |
|
| 520 | _aArgues for the introduction of project bank accounts to improve the payment process on contracts for the 2012 Olympics and other major projects. Outlines the key factors for consideration when setting up such an account, including the status of the account, the procedure for paying into and out of the account, and whether a side-agreement is required for the project team's contracts. The author believes that project bank accounts will encourage genuine teamworking by ending payment problems. | ||
| 590 | _aIKA280306 | ||
| 690 | _aMANAGEMENT-PROJECT MANAGEMENT-CONTRACT ADMINISTRATION | ||
| 942 | _n0 | ||
| 999 |
_c76719 _d76719 |
||